Indianapolis-Area Interstate Exits Quiz Stats

 Plays Quiz not verified by Sporcle

Score 0/76 Timer 07:00
0 Plays Today
Interstate Exit % Correct
I-465I-65
92.5%
I-465I-65
92.5%
I-65I-74/I-465
85%
I-465I-69 N/SR-37 N/Binford Blvd.
82.5%
I-69I-465/SR 37 S/Binford Blvd.
80%
I-465I-70
77.5%
I-465Crawfordsville Rd/I-74 W
77.5%
I-465I-70
77.5%
I-465Southeastern Ave./I-74 E
77.5%
I-65I-70 W
77.5%
I-65I-70 E
77.5%
I-65I-465
77.5%
I-70I-65 S
77.5%
I-70I-65 N
77.5%
I-465Pendleton Pike/US 36 E
75%
I-70I-465/US-31/US-36/US-52/US-421/SR-37/SR-67
75%
I-465Harding St.
72.5%
I-69116th St./SR 37 N/Noblesville
72.5%
I-70I-74/I-465/US 36/US 40
72.5%
I-465Washington St./US 40 W
70%
I-465Michigan Rd./US 421 N
70%
I-465Meridian St./US 31 N
70%
I-465Washington St./US 40 E
70%
I-465Rockville Rd./US 36 W
62.5%
I-465Brookville Rd/US 52 E
62.5%
I-465Kentucky Ave.
52.5%
I-465US 31 S
47.5%
I-70Illinois St (Eastbound only)/Meridian St.
47.5%
I-46538th St.
45%
I-465I-865 W/US 52 W
45%
I-465Shadeland Ave./56th St.
45%
I-65Pennsylvania St./Meridian St.
45%
I-6538th St.
45%
I-65CR 650 S/Zionsville/Whitestown
45%
I-46556th St.
37.5%
I-465Allisonville Rd.
37.5%
I-65New York St./Michigan St.
37.5%
I-65I-865 E
37.5%
Interstate Exit % Correct
I-46586th St
35%
I-65Ohio St.
35%
I-65Washington St.
35%
I-465Sam Jones Expressway
32.5%
I-46510th St.
32.5%
I-46571st St./73rd St.
32.5%
I-465Keystone Ave.
32.5%
I-465Emerson Ave.
32.5%
I-65Keystone Ave.
32.5%
I-6571st St.
32.5%
I-70Sam Jones Expressway
32.5%
I-70Rural St. S/Keystone Ave. N
32.5%
I-70Emerson Ave.
32.5%
I-465Shadeland Ave.
30%
I-65Dr. Martin Luther King Jr. St./West St.
30%
I-6982nd St/Castleton
30%
I-69Campus Pkwy./Southeastern Pkwy.
30%
I-70Shadeland ave.
30%
I-6996th St.
27.5%
I-70Indianapolis International Airport/Ronald Reagan Pkwy./Ameriplex Pkwy.
27.5%
I-465Mann Rd.
25%
I-65Dr. Martin Luther King Jr. St.
25%
I-70West St.
25%
I-65Southport Rd.
22.5%
I-65East St.
22.5%
I-6529th St./30th St.
22.5%
I-74Post Rd.
22.5%
I-70Harding St.
22.5%
I-70Post Rd.
22.5%
I-65County Line Rd
20%
I-65Main St./Greenwood
17.5%
I-6521st St.
17.5%
I-65Lafayette Rd.
15%
I-65Raymond St.
12.5%
I-74Ronald Reagan Pkwy
12.5%
I-65Fletcher Ave.
10%
I-70Holt Rd.
10%
I-65Morris St./Prospect St.
5%

You're not logged in!

Compare scores with friends on all Sporcle quizzes.
OR
Log In

Show Comments

Extras

Created Aug 18, 2015ReportNominate
Tags:exit, indianapolis

Top Quizzes Today


Score Distribution

Your Account Isn't Verified!

In order to create a playlist on Sporcle, you need to verify the email address you used during registration. Go to your Sporcle Settings to finish the process.

Report this User

Report this user for behavior that violates our Community Guidelines.

Details: